| 000 | 00496nam a22001937a 4500 | ||
|---|---|---|---|
| 003 | NUST-PNEC | ||
| 005 | 20170114142455.0 | ||
| 008 | 140424b xxu||||| |||| 00| 0 eng d | ||
| 020 | _a0471599891 | ||
| 040 | _cPNEC | ||
| 082 | _a510 KRE | ||
| 100 |
_945 _aKreyszig, Erwin |
||
| 245 |
_aAdvanced engineering mathematics _cErwin Kreyszig |
||
| 250 | _a7th ed. | ||
| 260 |
_bJohn Wiley & Sons _cc.1993 |
||
| 300 |
_axvii, 1271 p. : _bill. : _c24 cm. |
||
| 500 | _aIncludes index. | ||
| 942 |
_2ddc _cBK |
||
| 999 |
_c60004 _d60004 |
||